Fundamentals of ecology (Record no. 28173)

MARC details
000 -LEADER
fixed length control field 00993nam a2200277 4500
005 - DATE AND TIME OF LATEST TRANSACTION
control field 2009071105215.0
008 - FIXED-LENGTH DATA ELEMENTS--GENERAL INFORMATION
fixed length control field 710802s1971 pauab b 001 0 eng
010 ## - LCCN (DPL NO)
LC control number ENG-94394
020 ## - INTERNATIONAL STANDARD BOOK NUMBER
International Standard Book Number 0070083665
Terms of availability 395.00
020 ## - INTERNATIONAL STANDARD BOOK NUMBER
International Standard Book Number 9780070083660
Terms of availability 395.00
035 ## - SYSTEM CONTROL NUMBER
System control number EN-77927
037 ## - SOURCE OF ACQUISITION
Source of stock number/acquisition DBAD / PUB
040 ## - CATALOGING SOURCE
Original cataloging agency dpl
Language of cataloging English
082 ## - DEWEY DECIMAL CLASSIFICATION NUMBER
Classification number 577
100 ## - MAIN ENTRY--PERSONAL NAME
Personal name Dash, Madhab Chandra
245 ## - TITLE STATEMENT
Title Fundamentals of ecology
Statement of responsibility, etc by Madhab Chandra Dash [and] Satya Prakash Dash
250 ## - EDITION STATEMENT
Edition statement 3d ed.
260 ## - PUBLICATION, DISTRIBUTION, ETC. (IMPRINT)
Place of publication, distribution, etc New Delhi
Name of publisher, distributor, etc Tata McGraw-Hill Publishing
Date of publication, distribution, etc 2009
270 ## - ADDRESS
Address 7 West Patel Nagar,
City New Delhi
Postal code 110008
300 ## - PHYSICAL DESCRIPTION
Extent xvi, 562p.
Other physical details illus. (part col.), maps.
Dimensions 26cm(pbk)
500 ## - GENERAL NOTE
General note Includes bibliographical references and index
650 ## - SUBJECT ADDED ENTRY--TOPICAL TERM
Topical term or geographic name as entry element Ecology.
700 ## - ADDED ENTRY--PERSONAL NAME
Personal name Dash, Stya Prakash
942 ## - ADDED ENTRY ELEMENTS (KOHA)
Source of classification or shelving scheme Dewey Decimal Classification
Item type English Books
Classification part 577
Call number suffix DAS
Holdings
Withdrawn status Lost status Source of classification or shelving scheme Damaged status Not for loan Collection code Home library Current library Date acquired Source of acquisition Cost, normal purchase price Total Checkouts Full call number Barcode Date last seen Copy number Cost, replacement price Koha item type
    Dewey Decimal Classification   Not For Loan Non-fiction D.B.Act.Division D.B.Act.Division 11/07/2009 DBAD / PUB 395.00   577 DAS EN-77927 11/07/2009 1 395.00 English Books

© Delhi Public Library
Hit Counter
free hit counter